Ekonomická prognóza

Saved in:
Bibliographic Details
Main Author: Haustein, Heinz-Dieter
Format: Book
Language:Czech
Published: Praha Svoboda 1972
Tags: Add Tag
No Tags, Be the first to tag this record!

MARC

LEADER 00000nam a2200000 4500
001 c134705
005 20231103122203.2
041 0 |a cze 
044 |a CZ 
245 1 0 |a Ekonomická prognóza  |c Heinz-Dieter Haustein 
264 1 |a Praha  |b Svoboda  |c 1972 
300 |a 236 s. 
100 1 |a Haustein, Heinz-Dieter